<?xml version="1.0" encoding="UTF-8"?>
<record
    xmlns:xsi="http://www.w3.org/2001/XMLSchema-instance"
    xsi:schemaLocation="http://www.loc.gov/MARC21/slim http://www.loc.gov/standards/marcxml/schema/MARC21slim.xsd"
    xmlns="http://www.loc.gov/MARC21/slim">

  <leader>01388nam a2200301   4500</leader>
  <controlfield tag="003">MX-MxINE</controlfield>
  <controlfield tag="005">20260530115322.0</controlfield>
  <controlfield tag="008">260520b2023    mx a|||| |||| 00| 0 spa d</controlfield>
  <datafield tag="040" ind1=" " ind2=" ">
    <subfield code="a">MX-MxINE</subfield>
    <subfield code="b">spa</subfield>
    <subfield code="c">MX-MxINE</subfield>
    <subfield code="e">rda</subfield>
  </datafield>
  <datafield tag="041" ind1=" " ind2=" ">
    <subfield code="a">spa</subfield>
  </datafield>
  <datafield tag="050" ind1=" " ind2=" ">
    <subfield code="a">LE7.M765</subfield>
    <subfield code="b">I5788 2023 </subfield>
  </datafield>
  <datafield tag="100" ind1=" " ind2=" ">
    <subfield code="a">Nowotka, Maximillian,</subfield>
    <subfield code="e">Coordinador </subfield>
    <subfield code="9">34544</subfield>
  </datafield>
  <datafield tag="110" ind1=" " ind2=" ">
    <subfield code="a">Instituto Tecnol&#xF3;gico y de Estudios Superiores de         Monterrey.</subfield>
    <subfield code="b">Escuela de Arquitectura, Arte y Dise&#xF1;o,</subfield>
    <subfield code="e">autor</subfield>
    <subfield code="9">34545</subfield>
  </datafield>
  <datafield tag="245" ind1=" " ind2=" ">
    <subfield code="a">Escuela de Arquitectura, Arte y Dise&#xF1;o :</subfield>
    <subfield code="b">2017-2022 = School of Architecture, Art and Design : 2017-2022 /</subfield>
    <subfield code="c"> coordinadores Maximilian Nowotka, Irving Huertas, Amador        Guerrero ; traducci&#xF3;n David Muldrew </subfield>
  </datafield>
  <datafield tag="250" ind1=" " ind2=" ">
    <subfield code="a">Primero edici&#xF3;n </subfield>
  </datafield>
  <datafield tag="264" ind1=" " ind2="1">
    <subfield code="a">M&#xE9;xico :</subfield>
    <subfield code="b">Instituto Tecnol&#xF3;gico y de Estudios Superiores de Monterrey,</subfield>
    <subfield code="c">2023</subfield>
  </datafield>
  <datafield tag="300" ind1=" " ind2=" ">
    <subfield code="a">369 p&#xE1;ginas :</subfield>
    <subfield code="b">ilustraciones a color y en blanco y negro ;</subfield>
  </datafield>
  <datafield tag="336" ind1=" " ind2=" ">
    <subfield code="2">rdacontent</subfield>
    <subfield code="a">texto</subfield>
  </datafield>
  <datafield tag="337" ind1=" " ind2=" ">
    <subfield code="2">rdamedia</subfield>
    <subfield code="a">sin medio</subfield>
  </datafield>
  <datafield tag="338" ind1=" " ind2=" ">
    <subfield code="2">rdacarrier</subfield>
    <subfield code="a">volumen</subfield>
  </datafield>
  <datafield tag="610" ind1=" " ind2=" ">
    <subfield code="a">Instituto Tecnol&#xF3;gico y de Estudios Superiores de         Monterrey.</subfield>
    <subfield code="b">School of Architecture, Art and Design.</subfield>
    <subfield code="9">34546</subfield>
  </datafield>
  <datafield tag="650" ind1=" " ind2=" ">
    <subfield code="a">Dise&#xF1;o</subfield>
    <subfield code="9">2672</subfield>
  </datafield>
  <datafield tag="700" ind1=" " ind2=" ">
    <subfield code="a">Nowotka, Maximilian,</subfield>
    <subfield code="e">autor</subfield>
    <subfield code="9">34547</subfield>
  </datafield>
  <datafield tag="700" ind1=" " ind2=" ">
    <subfield code="a">Huertas, Irving,</subfield>
    <subfield code="e">autor</subfield>
    <subfield code="9">34548</subfield>
  </datafield>
  <datafield tag="700" ind1=" " ind2=" ">
    <subfield code="a">Guerrero, Amador,</subfield>
    <subfield code="e">autor</subfield>
    <subfield code="9">34549</subfield>
  </datafield>
  <datafield tag="700" ind1=" " ind2=" ">
    <subfield code="a">Muldrew, David,</subfield>
    <subfield code="e">traductor</subfield>
    <subfield code="9">34550</subfield>
  </datafield>
  <datafield tag="942" ind1=" " ind2=" ">
    <subfield code="2">lcc</subfield>
    <subfield code="n">1</subfield>
    <subfield code="c">BK</subfield>
  </datafield>
  <datafield tag="999" ind1=" " ind2=" ">
    <subfield code="c">13816</subfield>
    <subfield code="d">13816</subfield>
  </datafield>
</record>
